Дело о плате жандармской и полицейской командам

Доступно только в Электронных читальных залах Найти на картеНа карте
RUSMARC
00003815nmc2a22002533x 450
001a3af461f-87de-4a10-85dc-42680ffa51ba
00520210623212427.0
100##$a20210205l18921893k l0rusy0189 ca
1010#$arus
102##$aRU
105##$ay###
1222#$ad
2001#$aДело о плате жандармской и полицейской командам
$j11 мая 1892 г. - 7 января 1893 г.
215##$a7 л.
$d36,5х26 см
251##$cДело
300##$aПо Санкт-Петербургской конторе Дирекции императорских театров
300##$a[См. 1892 г. §5-3б]
371##$aДокумент не является опубликованным и широко распространяемым
461#0$10019264ebf8-de62-4f1a-9eb4-9f22098dbbd5
$12001
$aДирекция императорских театров МИДв
$1251
$cФонд
$1852
$j497
462#0$1001ff15f5e8-b5fa-4fe1-bbcd-275cd0305ec2
$12001
$aДела Санкт-Петербургской конторы Дирекции императорских театров и дела Московской конторы Дирекции императорских театров
$1251
$cОпись
$1852
$j10
801#0$aRU
$bРГИА
$c20210205
$gRCR
801#1$aRU
$bГлавНИВЦ
$c20210205
$2rusmarc
801#2$aRU
$bПБ им. Б.Н. Ельцина
$c20210623
$gRCR
$2rusmarc
850##$aРГИА
852##$aРГИА
$eФедеральное казенное учреждение "Российский государственный исторический архив" (РГИА)
$j346
937##$hРГИА
$d12355236
$aASBIBLIO_SCAN
035##$aRusGRCC00021876
856##$uhttp://readingroom.main.prlib.ru/item.aspx?id_node=n165421147&mode=full
Формат отображения